000
00333nam a2200133Ia 4500
003
GCL
008
140319s9999 xx 000 0 ara d
040
_a
GCL /
_c
GCL
082
0
4
_a
814
_b
ك ص
245
1
0
_a
صالون من ورق
260
_a
[S.N] :
_b
المكتب المصرى الحديث ،
_c
1978
300
_a
309 ص
490
_a
999
_c
37551
_d
37551